[Event "7. Lichtenberger Sommer"]
[Site "Berlin"]
[Date "2008.08.19"]
[Round "4.24"]
[White "Bukowski, Henryk"]
[Black "Pichler, Klaus"]
[Result "1-0"]
[WhiteElo "2175"]
[BlackElo "1871"]
[PlyCount "57"]
[EventDate "2008.??.??"]
[WhiteTeam "BSC Rehberge 1945 e.V."]

1. c4 Nf6 2. Nc3 g6 3. g3 d5 4. cxd5 Nxd5 5. Bg2 c6 6. Nxd5 cxd5 7. Qb3 e6 8.
Qc3 Rg8 9. Nf3 Nc6 10. O-O Qa5 11. Qb3 Qb4 12. Qd1 b6 13. a3 Qe7 14. d4 f6 15.
Bd2 Bb7 16. Rc1 Qd7 17. b4 b5 18. e3 a5 19. Qb3 axb4 20. axb4 Ra4 21. Ra1 Bxb4
22. Rxa4 bxa4 23. Qxa4 Bxd2 24. Nxd2 Kf7 25. Rc1 Ra8 26. Qb5 Ra2 27. Nb3 Rb2
28. Qa4 Ne5 29. Nc5 1-0

[Event "7. Lichtenberger Sommer"]
[Site "Berlin"]
[Date "2008.08.19"]
[Round "4.26"]
[White "Merz, Ruediger"]
[Black "Friedrich, Wiede"]
[Result "1-0"]
[WhiteElo "1904"]
[BlackElo "2044"]
[PlyCount "143"]
[EventDate "2008.??.??"]
[WhiteTeam "SK Zehlendorf e.V."]
[BlackTeam "USV Potsdam e.V., Abt. Schach"]

1. e4 c5 2. Nf3 d6 3. d4 cxd4 4. Nxd4 Nf6 5. f3 g6 6. c4 Bg7 7. Be3 O-O 8. Nc3
Nc6 9. Qd2 a6 10. Be2 Nxd4 11. Bxd4 Be6 12. O-O Rc8 13. Nd5 Bxd5 14. cxd5 e6
15. dxe6 fxe6 16. Rac1 d5 17. Rxc8 Qxc8 18. exd5 Nxd5 19. Bxg7 Kxg7 20. Rc1 Qd8
21. Qd4+ Qf6 22. Qxf6+ Kxf6 23. g3 Ke5 24. Kf2 g5 25. Bd3 g4 26. Be4 gxf3 27.
Bxf3 Kd6 28. a3 b5 29. g4 a5 30. h4 b4 31. Kg3 bxa3 32. bxa3 Rb8 33. Rc4 Rb3
34. Ra4 e5 35. Kf2 Nc3 36. Rxa5 e4 37. Bg2 Rb2+ 38. Kg1 Rb1+ 39. Kf2 Rb2+ 40.
Kg1 e3 41. Bf1 Ne4 42. Ra7 Ke5 43. Rxh7 Kf4 44. Rf7+ Kg3 45. Re7 Kf3 46. g5 Ng3
47. Rf7+ Kg4 48. Re7 Nf5 49. Re8 Kxh4 50. g6 Rb6 51. Bd3 Rxg6+ 52. Kf1 Ng3+ 53.
Ke1 Rb6 54. Rxe3 Rb3 55. Kf2 Rxa3 56. Rxg3 Ra2+ 57. Kf3 Ra3 58. Rg4+ Kh5 59.
Rd4 Kg5 60. Ke4 Kf6 61. Rd6+ Ke7 62. Rh6 Ra4+ 63. Kd5 Rg4 64. Be4 Rg1 65. Ke5
Rg7 66. Rb6 Rg5+ 67. Bf5 Rg1 68. Rb7+ Kd8 69. Rd7+ Ke8 70. Kf6 Rf1 71. Rc7 Kd8
72. Rc8# 1-0

[Event "7. Lichtenberger Sommer"]
[Site "Berlin"]
[Date "2008.08.19"]
[Round "4.27"]
[White "Knopf, Roland"]
[Black "Wasem, Ralph"]
[Result "0-1"]
[WhiteElo "1949"]
[BlackElo "2100"]
[PlyCount "56"]
[EventDate "2008.??.??"]
[WhiteTeam "SC Kreuzberg e.V."]
[BlackTeam "SK Landau"]

1. d4 d5 2. Nf3 g6 3. e3 Bg7 4. c4 c6 5. Nc3 Nf6 6. Bd3 Bg4 7. h3 Bxf3 8. Qxf3
O-O 9. O-O Nbd7 10. cxd5 cxd5 11. Nxd5 e5 12. Nxf6+ Bxf6 13. Qxb7 exd4 14. exd4
Bxd4 15. Qd5 Nc5 16. Qxd8 Rfxd8 17. Bc4 Na4 18. Bg5 Rdc8 19. Bd5 Rab8 20. Bb3
Nc5 21. Bf4 Nxb3 22. axb3 Rxb3 23. Rfd1 Rc4 24. Rd2 f6 25. Ra3 Rxb2 26. Rxb2
Bxb2 27. Rf3 a5 28. Bh6 a4 0-1

[Event "7. Lichtenberger Sommer"]
[Site "Berlin"]
[Date "2008.08.19"]
[Round "4.28"]
[White "Kropman, Alexei"]
[Black "Van Asseldonk, Paul"]
[Result "0-1"]
[WhiteElo "1938"]
[BlackElo "2101"]
[PlyCount "82"]
[EventDate "2008.??.??"]
[WhiteTeam "TuS Makkabi Berlin e.V."]
[BlackTeam "HSC Helmond"]

1. e4 c5 2. Nc3 Nc6 3. f4 g6 4. Nf3 Bg7 5. Bb5 Nd4 6. Bd3 d6 7. Nxd4 cxd4 8.
Ne2 Nf6 9. O-O O-O 10. c3 Bg4 11. Qe1 Qb6 12. Kh1 Nd7 13. Bc2 Rac8 14. Rb1 Qa6
15. Ng1 Qxa2 16. Qg3 Be6 17. f5 Bb3 18. Bxb3 Qxb3 19. cxd4 Qxg3 20. hxg3 Bxd4
21. Nf3 Be5 22. d4 Bxg3 23. Bh6 Rfe8 24. fxg6 hxg6 25. Ng5 f6 26. Ne6 Rc2 27.
Rf3 Bh4 28. g3 Kf7 29. Nf4 Rh8 30. gxh4 Rxh6 31. Ng2 a5 32. Rh3 Rh5 33. Nf4 Rb5
34. Rg1 Nf8 35. b3 Rf2 36. Nd5 e6 37. Nc7 Rh5 38. d5 Rf4 39. dxe6+ Nxe6 40.
Nxe6 Kxe6 41. Rxg6 Rfxh4 0-1

[Event "7. Lichtenberger Sommer"]
[Site "Berlin"]
[Date "2008.08.19"]
[Round "4.29"]
[White "Maahs, Erich"]
[Black "Lichey, Dustin"]
[Result "1-0"]
[WhiteElo "2157"]
[BlackElo "1861"]
[PlyCount "85"]
[EventDate "2008.??.??"]
[WhiteTeam "SC Concordia SAbt Palame"]
[BlackTeam "1. Schachclub Anhalt"]

1. e4 c5 2. Nf3 e6 3. d4 cxd4 4. Nxd4 a6 5. Nc3 Qc7 6. Bd3 b5 7. O-O Bb7 8. Nb3
Nf6 9. Qe2 b4 10. Nd1 Nc6 11. f4 Be7 12. Nf2 d5 13. e5 Nd7 14. Qg4 g6 15. Be3
h5 16. Qe2 a5 17. Rae1 h4 18. Nh3 a4 19. Nd4 Nxd4 20. Bxd4 Bc5 21. Bxc5 Qxc5+
22. Kh1 Nb6 23. Ng5 h3 24. Nxh3 Ke7 25. Ng5 d4 26. Ne4 Qc6 27. Nd6 Nd5 28. Nxb7
Qxb7 29. Be4 b3 30. axb3 axb3 31. cxb3 Qxb3 32. Rf3 Qa2 33. Qd2 Ra4 34. Bxd5
Qxd5 35. b3 Ra3 36. Qb4+ Kd7 37. Qxa3 Ra8 38. Qb4 d3 39. Qc4 d2 40. Qxd5+ exd5
41. Rd1 Ke6 42. Kg1 Kf5 43. Rxd2 1-0

[Event "7. Lichtenberger Sommer"]
[Site "Berlin"]
[Date "2008.08.19"]
[Round "4.30"]
[White "Kohlmeyer, Dagobert"]
[Black "Hahlbohm, Matthias"]
[Result "0-1"]
[WhiteElo "2002"]
[BlackElo "2085"]
[PlyCount "94"]
[EventDate "2008.??.??"]
[WhiteTeam "SC Rochade e.V."]
[BlackTeam "TSG Oberschöneweide e.V."]

1. e4 c5 2. Nf3 d6 3. d4 cxd4 4. Nxd4 Nf6 5. Nc3 a6 6. Be2 e6 7. Be3 Nc6 8.
Nxc6 bxc6 9. e5 Nd5 10. Nxd5 cxd5 11. exd6 Bxd6 12. O-O O-O 13. f4 Qc7 14. c3
Rb8 15. Rb1 a5 16. Bd3 f5 17. Qf3 Bd7 18. Rfe1 a4 19. a3 Rb7 20. g3 Rfb8 21.
Qf2 Kf7 22. Bd4 Bb5 23. Bxb5 Rxb5 24. Qe2 Qd7 25. Qh5+ Kg8 26. Qe2 Bxa3 27.
Qxe6+ Qxe6 28. Rxe6 Bxb2 29. Rbe1 a3 30. Ra6 R8b7 31. Ra8+ Kf7 32. h3 Rb3 33.
Re5 Bxc3 34. Rxf5+ Kg6 35. Rg5+ Kh6 36. Ra6+ g6 37. Bc5 Bb4 38. Bd4 Rd3 39. Bf2
Be7 40. Re5 Rd2 41. Re1 a2 42. Be3 Rc2 43. f5+ Bg5 44. Bd4 Rb1 45. Kf1 Bd2 46.
fxg6 Rxe1+ 47. Kf2 Bc3+ 0-1

[Event "7. Lichtenberger Sommer"]
[Site "Berlin"]
[Date "2008.08.19"]
[Round "4.31"]
[White "Newrkla, Katharina"]
[Black "Dreke, Frank"]
[Result "1-0"]
[WhiteElo "2049"]
[BlackElo "2037"]
[PlyCount "49"]
[EventDate "2008.??.??"]
[WhiteTeam "Austria  Wien"]
[BlackTeam "Treptower SV 1949 e.V."]

1. e4 Nf6 2. e5 Nd5 3. d4 d6 4. c4 Nb6 5. f4 dxe5 6. fxe5 c5 7. d5 e6 8. Nc3
exd5 9. cxd5 c4 10. d6 Be6 11. Nf3 f6 12. Nd4 Qd7 13. Ne4 Na6 14. exf6 O-O-O
15. Be2 gxf6 16. O-O f5 17. Ng5 Nc5 18. Nxf5 Bxd6 19. Nxd6+ Qxd6 20. Qxd6 Rxd6
21. Bf4 Rdd8 22. Nxe6 Nxe6 23. Bg4 Rhe8 24. Rfe1 Nd5 25. Rxe6 1-0

[Event "7. Lichtenberger Sommer"]
[Site "Berlin"]
[Date "2008.08.19"]
[Round "4.32"]
[White "Krannich, Sven"]
[Black "Schulz, Hartmut"]
[Result "1/2-1/2"]
[WhiteElo "1876"]
[BlackElo "2149"]
[PlyCount "32"]
[EventDate "2008.??.??"]
[WhiteTeam "USC Viadrina Frankfurt (Oder) e."]
[BlackTeam "SC Rotation Pankow e.V."]

1. b4 c6 2. c4 d5 3. e3 Bf5 4. Bb2 e6 5. Nf3 Nf6 6. Qb3 Be7 7. a4 O-O 8. d4
Nbd7 9. c5 Ne4 10. Nc3 Re8 11. Be2 Bf6 12. O-O Qc7 13. Nxe4 Bxe4 14. b5 e5 15.
a5 exd4 16. Bxd4 Bxd4 1/2-1/2

[Event "7. Lichtenberger Sommer"]
[Site "Berlin"]
[Date "2008.08.19"]
[Round "4.33"]
[White "Fischer, Daniel"]
[Black "Segerberg, Tomas"]
[Result "1/2-1/2"]
[WhiteElo "2094"]
[BlackElo "1845"]
[PlyCount "48"]
[EventDate "2008.??.??"]
[WhiteTeam "SK Oberkirch"]
[BlackTeam "SG Narva Berlin e.V."]

1. g3 Nf6 2. Bg2 d5 3. Nf3 c5 4. c4 Nc6 5. cxd5 Nxd5 6. Nc3 Nc7 7. a3 g6 8. Rb1
Bg7 9. O-O Bd7 10. b4 cxb4 11. axb4 b5 12. d4 O-O 13. Bf4 a6 14. Ne5 Nxe5 15.
dxe5 Rc8 16. e4 Ne6 17. Nd5 Bc6 18. Qd2 Nxf4 19. Qxf4 Bxd5 20. exd5 Rc4 21. Qe3
Qc7 22. Rfe1 Rc3 23. Qd4 Rc4 24. Qe3 Rc3 1/2-1/2

[Event "7. Lichtenberger Sommer"]
[Site "Berlin"]
[Date "2008.08.19"]
[Round "4.34"]
[White "Fischer, Anke"]
[Black "Koch, Friedrich"]
[Result "0-1"]
[WhiteElo "1835"]
[BlackElo "2063"]
[PlyCount "74"]
[EventDate "2008.??.??"]
[WhiteTeam "SG Lasker Steglitz-Wilmersdorf"]
[BlackTeam "SV Empor Berlin e.V."]

1. e4 e5 2. Nf3 Nc6 3. Bb5 a6 4. Ba4 Nf6 5. O-O Nxe4 6. d4 b5 7. Bb3 d5 8. dxe5
Be6 9. c3 Be7 10. Be3 Qd7 11. Nbd2 O-O 12. h3 Rad8 13. Bd4 Na5 14. Bc2 c5 15.
Be3 f5 16. exf6 Nxf6 17. Nb3 Nb7 18. Qe2 Bd6 19. Ng5 Bf5 20. Bxf5 Qxf5 21. Nf3
Rde8 22. Qd1 Re7 23. a4 Ref7 24. axb5 axb5 25. Qe2 Qd7 26. Rfd1 c4 27. Nbd4 Ne4
28. Rf1 Nbc5 29. Nd2 Bb8 30. Nxe4 Nxe4 31. Qg4 Qd6 32. g3 b4 33. cxb4 Rf6 34.
Bf4 Qxb4 35. Bxb8 Qxb8 36. Ne6 Rg6 37. Qh4 Rxe6 0-1

[Event "7. Lichtenberger Sommer"]
[Site "Berlin"]
[Date "2008.08.19"]
[Round "4.35"]
[White "Exler, Veronika"]
[Black "Kornath, Heinrich"]
[Result "1/2-1/2"]
[WhiteElo "2011"]
[BlackElo "1970"]
[PlyCount "124"]
[EventDate "2008.??.??"]
[WhiteTeam "SC Donaustadt Wien"]
[BlackTeam "SC Friesen Lichtenberg e.V."]

1. e4 c5 2. c3 Nf6 3. e5 Nd5 4. d4 cxd4 5. Nf3 e6 6. cxd4 b6 7. Nc3 Nxc3 8.
bxc3 Qc7 9. Bd2 d6 10. Bd3 Nd7 11. O-O Bb7 12. Ng5 g6 13. Qg4 dxe5 14. f4 exd4
15. Rfe1 Be7 16. Nxf7 Rf8 17. Ng5 Bxg5 18. Qxe6+ Kd8 19. fxg5 Nc5 20. Qe2 Qd6
21. cxd4 Nxd3 22. Qxd3 Rc8 23. Re2 Qd5 24. Qe3 Rc7 25. Bb4 Rg8 26. Be7+ Kc8 27.
Bf6 Bc6 28. Qe5 Kb7 29. Rc1 Rgc8 30. Rce1 Rd7 31. Qg3 Qc5 32. h3 Qd5 33. a3 Bb5
34. Re8 Rxe8 35. Rxe8 Rc7 36. Rd8 Rd7 37. Rxd7+ Qxd7 38. Qe5 Bc6 39. Kf2 a5 40.
g4 Qf7 41. Qe7+ Qxe7 42. Bxe7 b5 43. Ke3 Kc7 44. Kf4 Kd7 45. Bc5 Ke6 46. h4 Kd5
47. Ke3 Bd7 48. Kf4 b4 49. axb4 a4 50. b5 Bxb5 51. h5 Bd7 52. h6 Be6 53. Ke3
Bxg4 54. Kd3 Bd7 55. Kc3 Bc6 56. Kb4 Bd7 57. Ka5 a3 58. Bxa3 Kxd4 59. Kb6 Ke5
60. Kc7 Ke6 61. Kd8 Bb5 62. Bb2 Kf7 1/2-1/2

[Event "7. Lichtenberger Sommer"]
[Site "Berlin"]
[Date "2008.08.19"]
[Round "4.36"]
[White "Engelhardt, Erhard"]
[Black "Werner, Michael"]
[Result "0-1"]
[WhiteElo "1820"]
[BlackElo "2106"]
[PlyCount "131"]
[EventDate "2008.??.??"]
[WhiteTeam "SSV Rotation Berlin e.V."]
[BlackTeam "Schachgesellschaft Benrath 1924"]

1. f4 Nf6 2. Nf3 g6 3. b3 Bg7 4. Bb2 O-O 5. e3 c5 6. Be2 d6 7. O-O Nbd7 8. c4
b6 9. Na3 a6 10. Nc2 Bb7 11. d3 e5 12. fxe5 Ng4 13. h3 Ngxe5 14. Rb1 Qe7 15. d4
Nxf3+ 16. Bxf3 Be4 17. Bxe4 Qxe4 18. Rf4 Qe7 19. Qd3 Rae8 20. Re1 f5 21. Bc1
Nf6 22. Kh2 Kh8 23. Rff1 Ne4 24. Re2 Bf6 25. Bb2 Qg7 26. Ne1 Ng5 27. Nf3 Nxf3+
28. Rxf3 cxd4 29. Rf4 Rxe3 30. Rxe3 dxe3 31. Bxf6 Qxf6 32. Qxe3 Qe5 33. Qg3 Re8
34. Rf2 Kg7 35. Rd2 Qxg3+ 36. Kxg3 Re6 37. Kf3 Kf7 38. g3 Ke7 39. Rd3 Re5 40.
Kf4 h6 41. Kf3 g5 42. Kf2 Ke6 43. Kf3 b5 44. cxb5 axb5 45. a3 Re1 46. a4 bxa4
47. bxa4 Ra1 48. Rd4 Ke5 49. Rb4 Ra3+ 50. Kf2 Ra2+ 51. Kf3 h5 52. g4 hxg4+ 53.
hxg4 Ra3+ 54. Kf2 f4 55. Rb5+ d5 56. a5 Ke4 57. Rb4+ d4 58. Rb5 Ra2+ 59. Ke1
Ke3 60. Re5+ Kf3 61. Rxg5 Kg2 62. Rf5 f3 63. g5 f2+ 64. Rxf2+ Rxf2 65. g6 Rf6
66. g7 0-1

[Event "7. Lichtenberger Sommer"]
[Site "Berlin"]
[Date "2008.08.19"]
[Round "4.37"]
[White "Kornrumpf, Joachim"]
[Black "Penner, Markus"]
[Result "1-0"]
[WhiteElo "2121"]
[BlackElo "1423"]
[PlyCount "59"]
[EventDate "2008.??.??"]
[WhiteTeam "Preetzer TSV"]
[BlackTeam "SK Zehlendorf e.V."]

1. Nf3 Nf6 2. b3 g6 3. Bb2 Bg7 4. e3 O-O 5. c4 d6 6. d4 Nbd7 7. Be2 c5 8. O-O
Qc7 9. Nc3 a6 10. Qc2 b6 11. Rad1 Bb7 12. e4 cxd4 13. Nxd4 Rad8 14. Rfe1 Nc5
15. Bf3 e6 16. Bc1 Rfe8 17. Bg5 Ncd7 18. Qd2 Ne5 19. Be2 Rd7 20. Bf1 Rc8 21.
Rc1 Nc6 22. Nf3 Ne7 23. h3 Qb8 24. Qe3 Ba8 25. Nd2 d5 26. exd5 exd5 27. cxd5
Nfxd5 28. Nxd5 Nxd5 29. Rxc8+ Qxc8 30. Qe8+ 1-0

[Event "7. Lichtenberger Sommer"]
[Site "Berlin"]
[Date "2008.08.19"]
[Round "4.39"]
[White "Vollbrecht, Lars"]
[Black "Petersen, Soren Boeck"]
[Result "0-1"]
[WhiteElo "1709"]
[BlackElo "2242"]
[PlyCount "62"]
[EventDate "2008.??.??"]
[WhiteTeam "SF Siemensstadt"]
[BlackTeam "Vanlose Skakklub"]

1. e4 e6 2. d4 d5 3. Bd3 c5 4. exd5 exd5 5. Qe2+ Be7 6. dxc5 Nf6 7. Nf3 O-O 8.
O-O Nc6 9. c3 Bxc5 10. Bg5 Bg4 11. h3 Re8 12. Qd1 Bh5 13. g4 Bg6 14. Bxg6 hxg6
15. Kg2 Qd6 16. Bxf6 gxf6 17. Nbd2 Bb6 18. Nc4 Qc5 19. Nxb6 Qxb6 20. Qd2 Rad8
21. Rfe1 Re4 22. Qc2 Rde8 23. Rad1 Qc7 24. Qd2 Qa5 25. a3 Qb6 26. Qc2 Qb5 27.
Rxe4 dxe4 28. Nd4 Nxd4 29. Rxd4 e3 30. fxe3 Rxe3 31. c4 Qe5 0-1

[Event "7. Lichtenberger Sommer"]
[Site "Berlin"]
[Date "2008.08.19"]
[Round "4.40"]
[White "Pozzo, Sebastian C"]
[Black "Newrkla, Alexander"]
[Result "1-0"]
[WhiteElo "1980"]
[BlackElo "2055"]
[PlyCount "123"]
[EventDate "2008.??.??"]
[WhiteTeam "Streatham"]

1. d4 Nc6 2. e4 e5 3. Nf3 exd4 4. Bc4 d6 5. Nxd4 Nf6 6. Nc3 Be7 7. Be3 O-O 8.
f3 Nxd4 9. Qxd4 Be6 10. O-O-O Qc8 11. Ne2 Bxc4 12. Qxc4 Nd7 13. Nd4 Nb6 14. Qb3
Bf6 15. Nb5 Qd7 16. Bd4 Bxd4 17. Rxd4 Qe7 18. Qc3 a6 19. Na3 c5 20. Rd2 Rad8
21. Qb3 Nc8 22. Nc4 b5 23. Ne3 Nb6 24. Nd5 Nxd5 25. Rxd5 Qf6 26. Qa3 a5 27. Kb1
Ra8 28. Rhd1 Rfd8 29. Qd3 Rab8 30. Rxd6 Rxd6 31. Qxd6 Qxd6 32. Rxd6 Kf8 33. Rc6
c4 34. Ra6 a4 35. Ra7 g5 36. Kc1 Kg7 37. Kd2 Rb6 38. Kc3 h5 39. Kb4 Rd6 40. Kc3
Rb6 41. Ra5 Kf6 42. Kb4 Rd6 43. Kxb5 Rd2 44. Rxa4 Rxg2 45. Rxc4 Rxh2 46. a4 Rd2
47. a5 h4 48. a6 h3 49. a7 h2 50. Rc6+ Kg7 51. Rh6 Kxh6 52. a8=Q Kh7 53. Qa1
Rxc2 54. b4 f6 55. Kb6 Kg6 56. b5 Rb2 57. Kc6 Kh5 58. Qxb2 h1=Q 59. Qxf6 Qc1+
60. Kb7 Qd2 61. Qf5 Qd6 62. Qh7+ 1-0

[Event "7. Lichtenberger Sommer"]
[Site "Berlin"]
[Date "2008.08.19"]
[Round "4.41"]
[White "Hesselbarth, Karlheinz"]
[Black "Carrasco, Paul"]
[Result "0-1"]
[WhiteElo "1857"]
[BlackElo "2041"]
[PlyCount "114"]
[EventDate "2008.??.??"]
[WhiteTeam "SC Zugzwang 95 e.V."]

1. d4 Nf6 2. c4 g6 3. Nc3 d5 4. Bg5 Ne4 5. Bh4 c6 6. e3 Qa5 7. Qb3 Bg7 8. Nf3
Nd7 9. cxd5 Nxc3 10. bxc3 cxd5 11. Be2 e6 12. O-O O-O 13. c4 dxc4 14. Bxc4 Nb6
15. Be2 Bd7 16. Rac1 Bc6 17. Rc5 Qa4 18. Qb2 Bd5 19. Ra1 Rfc8 20. Bd1 Qd7 21.
Rac1 Rxc5 22. Rxc5 Na4 23. Bxa4 Qxa4 24. Qc2 Qxc2 25. Rxc2 Bxf3 26. gxf3 b5 27.
Bg3 a5 28. Kf1 Bf8 29. Ke2 Be7 30. Kd3 Kf8 31. e4 Ke8 32. Bf4 Kd8 33. Bc7+ Kd7
34. Bb6 Bd8 35. Bxd8 Rxd8 36. Rc5 Rb8 37. f4 a4 38. f5 exf5 39. exf5 b4 40.
fxg6 hxg6 41. Ra5 b3 42. axb3 axb3 43. Ra1 b2 44. Rb1 Kd6 45. Kc4 Rb7 46. Kd3
Kd5 47. Kc3 Rb6 48. Kd3 f5 49. f3 Rb3+ 50. Kc2 Rxf3 51. Kxb2 Rf2+ 52. Kc3 Rf3+
53. Kd2 Kxd4 54. Rb4+ Ke5 55. Rh4 g5 56. Rh8 Kf4 57. Ke2 Kg4 0-1

[Event "7. Lichtenberger Sommer"]
[Site "Berlin"]
[Date "2008.08.19"]
[Round "4.42"]
[White "Schalck, Christiano"]
[Black "Poseck, Steffen"]
[Result "0-1"]
[WhiteElo "1747"]
[BlackElo "2107"]
[PlyCount "78"]
[EventDate "2008.??.??"]
[WhiteTeam "SC Schwarz-Weiß Lichtenrade e.V."]
[BlackTeam "SC Rotation Pankow e.V."]

1. e4 d5 2. exd5 Qxd5 3. Nc3 Qa5 4. h3 Nf6 5. Nf3 c6 6. Bc4 Bf5 7. Bb3 e6 8.
O-O Bd6 9. d4 O-O 10. Bd2 Qc7 11. Nh4 Be4 12. Nxe4 Nxe4 13. Be3 Nd7 14. Qd3
Ndf6 15. c3 Rfd8 16. Nf3 c5 17. Qe2 Bf4 18. Rad1 Bxe3 19. Qxe3 c4 20. Bc2 Nd6
21. Ne5 b5 22. Rfe1 a5 23. Qg5 b4 24. Re3 h6 25. Qh4 b3 26. axb3 cxb3 27. Bd3
Nf5 28. Bxf5 exf5 29. Ree1 a4 30. c4 a3 31. bxa3 Rxa3 32. Qg3 Rda8 33. Qc3 Ne4
34. Qb2 Qa5 35. Re3 Ra1 36. Red3 Qa2 37. Qxb3 Qxb3 38. Rxa1 Rxa1+ 39. Kh2 Qb1
0-1

[Event "7. Lichtenberger Sommer"]
[Site "Berlin"]
[Date "2008.08.19"]
[Round "4.43"]
[White "Schink, Barbara"]
[Black "Mueller, Johannes"]
[Result "1-0"]
[WhiteElo "2046"]
[BlackElo "1789"]
[PlyCount "23"]
[EventDate "2008.??.??"]
[WhiteTeam "Strassenbahn Graz"]
[BlackTeam "SC Eintracht Berlin e.V."]

1. e4 c6 2. d4 d5 3. Nc3 dxe4 4. Nxe4 Nd7 5. Ng5 e6 6. Bd3 Ngf6 7. N1f3 Bd6 8.
Qe2 Qc7 9. Nxf7 Kxf7 10. Ng5+ Ke8 11. Qxe6+ Be7 12. Qf7+ 1-0

[Event "7. Lichtenberger Sommer"]
[Site "Berlin"]
[Date "2008.08.19"]
[Round "4.44"]
[White "Roth, Joachim"]
[Black "Belger, Christian"]
[Result "0-1"]
[WhiteElo "1861"]
[BlackElo "1969"]
[PlyCount "88"]
[EventDate "2008.??.??"]
[WhiteTeam "SG Bund"]
[BlackTeam "USV Potsdam e.V., Abt. Schach"]

1. d4 Nf6 2. Nf3 e6 3. e3 b6 4. Bd3 c5 5. c3 Bb7 6. Nbd2 cxd4 7. exd4 d6 8. Qe2
Be7 9. O-O O-O 10. Re1 Nbd7 11. Ng5 Re8 12. f4 Bf8 13. Ndf3 h6 14. Nh3 Qc7 15.
Bd2 g6 16. Nf2 Re7 17. Bc2 Rae8 18. Qd3 e5 19. fxe5 dxe5 20. Nxe5 Nxe5 21. dxe5
Rxe5 22. Rxe5 Qxe5 23. Bb3 Kg7 24. Qd4 Bc5 25. Qxe5 Rxe5 26. Re1 Ne4 27. Be3
Nxf2 28. Kxf2 Rxe3 29. Rxe3 Bxe3+ 30. Kxe3 Bxg2 31. Bc4 f5 32. Bd3 Kf6 33. b4
Ke5 34. Kf2 Bc6 35. a3 g5 36. Kg3 h5 37. Kf2 Kf4 38. Bc2 g4 39. a4 h4 40. a5
bxa5 41. bxa5 Kg5 42. Bd3 f4 43. Ba6 g3+ 44. hxg3 fxg3+ 0-1

[Event "7. Lichtenberger Sommer"]
[Site "Berlin"]
[Date "2008.08.19"]
[Round "4.45"]
[White "Grassi, Fabrizio"]
[Black "Schmalzried, Volker"]
[Result "1-0"]
[WhiteElo "1960"]
[BlackElo "1758"]
[PlyCount "41"]
[EventDate "2008.??.??"]
[WhiteTeam "SV Berlin-Friedrichstadt"]
[BlackTeam "Umweltbundesamt"]

1. d4 g6 2. Bf4 Bg7 3. e3 c5 4. c3 cxd4 5. cxd4 Nf6 6. Nc3 O-O 7. Nf3 d5 8. Be2
a6 9. O-O Nc6 10. h3 Bf5 11. Rc1 Rc8 12. Na4 Ne4 13. Qb3 b5 14. Nc5 Nxc5 15.
Rxc5 e6 16. Rfc1 Qb6 17. Qc3 b4 18. Rxc6 bxc3 19. Rxb6 cxb2 20. Rxc8 b1=Q+ 21.
Rxb1 1-0

[Event "7. Lichtenberger Sommer"]
[Site "Berlin"]
[Date "2008.08.19"]
[Round "4.46"]
[White "Moritz, Aron"]
[Black "Keusch, Horst"]
[Result "0-1"]
[WhiteElo "1967"]
[BlackElo "1925"]
[PlyCount "102"]
[EventDate "2008.??.??"]
[WhiteTeam "SV Empor Berlin e.V."]
[BlackTeam "SC Friesen Lichtenberg e.V."]

1. e4 g6 2. d4 Bg7 3. Nc3 c6 4. h3 d5 5. Nf3 Nh6 6. Bf4 O-O 7. Bd3 f6 8. O-O
Nf7 9. e5 f5 10. Ne2 e6 11. Qd2 Nd7 12. Ng5 Nxg5 13. Bxg5 Qe8 14. Rac1 c5 15.
c3 c4 16. Bb1 b5 17. f4 a5 18. Kh2 Rf7 19. g4 Nf8 20. Bh4 Qc6 21. g5 Rb7 22.
Bf2 b4 23. Kg3 Rab8 24. h4 bxc3 25. bxc3 Rb2 26. Qe1 Bd7 27. Kf3 Be8 28. Rh1
Qb7 29. Ng3 a4 30. Be3 a3 31. Bd2 Nd7 32. Be3 Nc5 33. Bd2 Ne4 34. Nxe4 fxe4+
35. Kg3 Qf7 36. Be3 Ba4 37. Bd2 Qf5 38. Qe3 Rf8 39. h5 gxh5 40. Rxh5 Be8 41.
Rh4 Bg6 42. Rh2 Rfb8 43. Rhh1 Qf7 44. Rhd1 Bh5 45. Rh1 Bf3 46. Rhg1 Qh5 47. Bc2
Qg4+ 48. Kf2 Qh4+ 49. Kf1 Rxa2 50. Bd1 Qh3+ 51. Ke1 Rab2 0-1

[Event "7. Lichtenberger Sommer"]
[Site "Berlin"]
[Date "2008.08.19"]
[Round "4.47"]
[White "Plicka, Jiri"]
[Black "Bandsom, Olaf"]
[Result "1/2-1/2"]
[WhiteElo "1941"]
[BlackElo "1774"]
[PlyCount "52"]
[EventDate "2008.??.??"]
[WhiteTeam "SK Libehrad Libcice"]
[BlackTeam "SC Friesen Lichtenberg e.V."]

1. c4 e5 2. Nc3 d6 3. g3 Nf6 4. Bg2 c6 5. Nf3 Be6 6. b3 Nbd7 7. O-O Be7 8. d4
exd4 9. Nxd4 Qc7 10. Nxe6 fxe6 11. Bb2 O-O 12. Bh3 e5 13. Bg2 Rad8 14. e4 Nc5
15. b4 Ne6 16. Ne2 Kh8 17. Qb3 Ng5 18. f3 Qb6+ 19. Kh1 Nf7 20. Nc3 Qc7 21. Rac1
Rb8 22. Rfd1 Rfd8 23. c5 Bf8 24. cxd6 Rxd6 25. Rxd6 Nxd6 26. Nd5 Qf7 1/2-1/2

[Event "7. Lichtenberger Sommer"]
[Site "Berlin"]
[Date "2008.08.19"]
[Round "4.49"]
[White "Jaeger, Andre"]
[Black "Kujawa, Werner"]
[Result "1-0"]
[WhiteElo "2019"]
[BlackElo "1848"]
[PlyCount "93"]
[EventDate "2008.??.??"]
[WhiteTeam "SC Rochade e.V."]
[BlackTeam "SV Motor Wildau e.V."]

1. d4 Nf6 2. c4 e6 3. Nc3 Bb4 4. Nf3 O-O 5. Bg5 d5 6. e3 h6 7. Bh4 b6 8. cxd5
exd5 9. Qb3 Bxc3+ 10. Qxc3 c6 11. Bd3 g5 12. Bg3 Ne4 13. Bxe4 dxe4 14. Nd2 Qd5
15. h4 Ba6 16. hxg5 hxg5 17. f3 Qb5 18. O-O-O exf3 19. Nxf3 f6 20. Rh6 Qc4 21.
Qxc4+ Bxc4 22. Bd6 Nd7 23. Bxf8 Rxf8 24. b3 Bd5 25. Rdh1 Be4 26. Rh8+ Kf7 27.
Rxf8+ Nxf8 28. Rf1 Ne6 29. Rf2 Kg6 30. Nd2 Bd3 31. Kb2 f5 32. Kc3 Ba6 33. g3
Bb7 34. Nc4 c5 35. Nd6 cxd4+ 36. exd4 Be4 37. Nc8 f4 38. gxf4 gxf4 39. d5 Nc5
40. Rxf4 Kg5 41. Rxe4 Nxe4+ 42. Kd4 Nc5 43. Nxa7 Kf5 44. Nc8 Nd7 45. b4 Kf6 46.
a4 Kf7 47. Kc4 1-0

[Event "7. Lichtenberger Sommer"]
[Site "Berlin"]
[Date "2008.08.19"]
[Round "4.50"]
[White "Pews, Kristine"]
[Black "Paul, Reinhart"]
[Result "1/2-1/2"]
[WhiteElo "1757"]
[BlackElo "2155"]
[PlyCount "75"]
[EventDate "2008.??.??"]
[WhiteTeam "USC Viadrina Frankfurt (Oder) e."]
[BlackTeam "CFC Hertha 06 e.V."]

1. Nf3 Nf6 2. g3 d5 3. Bg2 Nc6 4. O-O g6 5. d3 Bg7 6. Nbd2 O-O 7. c3 e5 8. e4
dxe4 9. dxe4 Be6 10. Qe2 Qe7 11. b4 Nd7 12. a4 Rfd8 13. Ba3 Qe8 14. Rfe1 f6 15.
Nc4 Qf7 16. Ne3 Nb6 17. Bc1 Rd7 18. Bf1 Rad8 19. a5 Nc8 20. b5 N6e7 21. c4 f5
22. Ng5 Qf6 23. Nxe6 Qxe6 24. Qc2 fxe4 25. c5 c6 26. a6 Kh8 27. Rb1 b6 28. Be2
h5 29. Qxe4 Rd4 30. Qc2 bxc5 31. Qxc5 Nb6 32. Ba3 R4d7 33. Qc2 Rc8 34. Qe4 Rd4
35. Qg2 c5 36. Rbc1 c4 37. Bb4 Ned5 38. Nc2 1/2-1/2

[Event "7. Lichtenberger Sommer"]
[Site "Berlin"]
[Date "2008.08.19"]
[Round "4.51"]
[White "Alihodzic, Ahmo"]
[Black "Baumeister, Wolfgang"]
[Result "0-1"]
[WhiteElo "1954"]
[BlackElo "1806"]
[PlyCount "96"]
[EventDate "2008.??.??"]
[BlackTeam "SC Kreuzberg e.V."]

1. d4 Nf6 2. c4 e6 3. g3 Bb4+ 4. Bd2 Qe7 5. Bg2 O-O 6. e4 e5 7. d5 a5 8. Ne2
Na6 9. O-O Bxd2 10. Qxd2 Nc5 11. Nec3 Ne8 12. Na3 d6 13. Nc2 f5 14. exf5 Bxf5
15. Ne3 Bg6 16. b3 h5 17. Rad1 Nf6 18. f3 Rae8 19. Nb5 Ra8 20. h3 h4 21. g4 Nh7
22. Kh1 Nd3 23. Qe2 Nf4 24. Qf2 Bd3 25. Rfe1 c6 26. dxc6 bxc6 27. Nc3 Qg5 28.
Rd2 e4 29. Kh2 Nxg2 30. Qxg2 Rxf3 31. Nf5 Qf4+ 32. Kg1 g6 33. Nxh4 Rg3 34. Nxg6
Rxg2+ 35. Rxg2 Qf6 36. Nxe4 Bxe4 37. Rxe4 Qxg6 38. Rge2 Ng5 39. R4e3 Rf8 40.
Kg2 Kg7 41. Kg3 d5 42. cxd5 cxd5 43. a3 Qd6+ 44. Kg2 Qxa3 45. h4 Ne4 46. Kh3
Qc1 47. Re1 Rf3+ 48. Kg2 Qxe3 0-1